000 00761cam a22002653a 4500
001 17804
003 PGUSA
005 20140828083359.0
008 060220s2006||||xxu|||||s|||||000 | eng d
040 _aPGUSA
_beng
042 _adc
050 4 _aNA
100 1 _aOrmsbee, Renee Richmond Huntley,
_d1887-
245 1 0 _aIf You're Going to Live in the Country
_h[electronic resource] /
_cRenee Richmond Huntley Ormsbee
260 _bProject Gutenberg,
_c2006
506 _aPublic domain in the USA.
516 _aElectronic text
653 _aArchitecture, Domestic
653 _aDwellings
653 _aBuildings
700 1 _aLieberman, Frank
830 0 _aProject Gutenberg
_v17804
856 4 0 _uhttp://www.gutenberg.org/ebooks/17804
942 _cEB
999 _c247059
_d247059